书目信息 |
| 题名: |
画法几何及土木工程制图
|
|
| 作者: | 邱小林 , 周亦人 , 刘觅 主编 | |
| 分册: | ||
| 出版信息: | 武汉 华中科技大学出版社 2015.9 |
|
| 页数: | 250页 | |
| 开本: | 26cm | |
| 丛书名: | ||
| 单 册: | ||
| 中图分类: | TU204 | |
| 科图分类: | ||
| 主题词: | 画法几何--hua fa ji he--高等学校--教材 , 土木工程--tu mu gong cheng--建筑制图--高等学校--教材 | |
| 电子资源: | ||
| ISBN: | 978-7-5680-0988-1 | |
| 000 | 01270nam0 2200289 450 | |
| 001 | 0100004691 | |
| 005 | 20151027164901.8 | |
| 010 | @a978-7-5680-0988-1@dCNY39.80 | |
| 100 | @a20150910d2015 em y0chiy0121 ea | |
| 101 | 0 | @achi |
| 102 | @aCN@b420000 | |
| 105 | @aak z 000yy | |
| 106 | @ar | |
| 200 | 1 | @a画法几何及土木工程制图@Ahua fa ji he ji tu mu gong cheng zhi tu@f主编邱小林, 周亦人, 刘觅 |
| 210 | @a武汉@c华中科技大学出版社@d2015.9 | |
| 215 | @a250页@c图@d26cm | |
| 300 | @a普通高等院校“十二五”应用型规划教材 | |
| 330 | @a本书除绪论外分为两篇, 第一篇为画法几何, 共分为十章, 主要内容包括: 点, 直线, 平面, 直线与平面、平面与平面的相对位置, 投影变换, 立体, 立体与立体相贯, 立体表面展开, 轴测投影, 标高投影; 第二篇为土木工程制图, 共分为五章, 主要内容包括: 制图基本知识, 组合体的三视图, 工程形体的表达方法, 建筑施工图, 结构施工图。 | |
| 333 | @a本书可作为高等院校土建类专业的教学用书, 也可供土木工程技术人员学习、参考之用 | |
| 606 | 0 | @a画法几何@Ahua fa ji he@x高等学校@j教材 |
| 606 | 0 | @a土木工程@Atu mu gong cheng@x建筑制图@x高等学校@j教材 |
| 690 | @aTU204@v5 | |
| 701 | 0 | @a邱小林@Aqiu xiao lin@4主编 |
| 701 | 0 | @a周亦人@Azhou yi ren@4主编 |
| 701 | 0 | @a刘觅@Aliu mi@4主编 |
| 801 | 0 | @aCN@c20160515 |
| 905 | @a河南城建学院图书馆@dTU204@eQ743 | |
| 画法几何及土木工程制图/主编邱小林, 周亦人, 刘觅.-武汉:华中科技大学出版社,2015.9 |
| 250页:图;26cm |
| 普通高等院校“十二五”应用型规划教材.-使用对象:本书可作为高等院校土建类专业的教学用书, 也可供土木工程技术人员学习、参考之用 |
| ISBN 978-7-5680-0988-1:CNY39.80 |
| 本书除绪论外分为两篇, 第一篇为画法几何, 共分为十章, 主要内容包括: 点, 直线, 平面, 直线与平面、平面与平面的相对位置, 投影变换, 立体, 立体与立体相贯, 立体表面展开, 轴测投影, 标高投影; 第二篇为土木工程制图, 共分为五章, 主要内容包括: 制图基本知识, 组合体的三视图, 工程形体的表达方法, 建筑施工图, 结构施工图。 |
| ● |
| 相关链接 |
|
|
|
正题名:画法几何及土木工程制图
索取号:TU204/Q743
 
预约/预借
| 序号 | 登录号 | 条形码 | 馆藏地/架位号 | 状态 | 备注 |
| 1 | 1253501 | 212535014 | 建筑库101/101建筑库 108排7列5层/ [索取号:TU204/Q743] | 在馆 | |
| 2 | 1253502 | 212535023 | 建筑库101/101建筑库 108排7列5层/ [索取号:TU204/Q743] | 在馆 | |
| 3 | 1253503 | 212535032 | 建筑库101/101建筑库 108排7列5层/ [索取号:TU204/Q743] | 在馆 |